| 000 | 00587nam a22001817a 4500 | ||
|---|---|---|---|
| 005 | 20231114154647.0 | ||
| 010 | _aENG-133636 | ||
| 020 | _c350.00 | ||
| 035 | _aEN-117168 | ||
| 037 | _bDBAD/PUB | ||
| 082 | _a230.1 | ||
| 100 |
_aManoharji, Goswami Shyam _958638 |
||
| 245 |
_aManagement of Purushartha: _bBasic objects of human existence/ _cBy Goswami Shyam Manoharji |
||
| 260 |
_aMumbai _bGoswami Shyam Manohar |
||
| 270 |
_a63, Swastik Society, 4th road, Juhu Scheme, Ville Parle _bMumbai _e400056 |
||
| 300 |
_a544p. _c22cm(pbk) |
||
| 942 |
_2ddc _cEN _h230.1 _mMAN |
||
| 999 |
_c190105 _d190105 |
||